<The> Italian credit and financial system report by the commission appointed by the Minister of the treasury

Enregistré dans:
Détails bibliographiques
Auteur principal: Monti, Mario
Format: Livre
Langue:anglais
Publié: Roma Banca Nazionale del Lavoro 1982
Tags: Ajouter un tag
Pas de tags, Soyez le premier à ajouter un tag!

MARC

LEADER 00000nam a2200000 4500
001 c133213
005 20041019155257.5
041 0 |a eng 
044 |a IT 
245 1 0 |a <The> Italian credit and financial system  |b report by the commission appointed by the Minister of the treasury  |c Mario Monti 
264 1 |a Roma  |b Banca Nazionale del Lavoro  |c 1982 
300 |a 257 s. 
100 1 |a Monti, Mario